Manam oru punaikathai (Record no. 141293)

MARC details
000 -LEADER
fixed length control field 00718nam a2200253 i 4500
001 - CONTROL NUMBER
control field C2-0344727
003 - CONTROL NUMBER IDENTIFIER
control field PPAK
005 - DATE AND TIME OF LATEST TRANSACTION
control field 20180728145451.0
008 - FIXED-LENGTH DATA ELEMENTS--GENERAL INFORMATION
fixed length control field 180111s2012 ii |||| ||||| | tam d
020 ## - INTERNATIONAL STANDARD BOOK NUMBER
International Standard Book Number 97888184021646
040 ## - CATALOGING SOURCE
Original cataloging agency PPAK
Language of cataloging eng
Transcribing agency PPAK
Description conventions rda
082 04 - DEWEY DECIMAL CLASSIFICATION NUMBER
Classification number 299.934
Edition number 23
090 00 - LOCALLY ASSIGNED LC-TYPE CALL NUMBER (OCLC); LOCAL CALL NUMBER (RLIN)
Classification number (OCLC) (R) ; Classification number, CALL (RLIN) (NR) 299.934
Feature heading KRI
Feature heading G
100 1# - MAIN ENTRY--PERSONAL NAME
Personal name Krishnamurti, U.G.,
Relator term author
245 10 - TITLE STATEMENT
Title Manam oru punaikathai
264 #1 - PRODUCTION, PUBLICATION, DISTRIBUTION, MANUFACTURE, AND COPYRIGHT NOTICE
Place of production, publication, distribution, manufacture Chennai, India :
Name of producer, publisher, distributor, manufacturer Kannadhasan Pathippagam ,
Date of production, publication, distribution, manufacture, or copyright notice 2012
300 ## - PHYSICAL DESCRIPTION
Extent 248 pages ;
Dimensions 22 cm
336 ## - CONTENT TYPE
Source rdacontent
Content type term text
337 ## - MEDIA TYPE
Source rdamedia
Media type term unmediated
338 ## - CARRIER TYPE
Source rdacarrier
Carrier type term volume
500 ## - GENERAL NOTE
General note Translated from English original title Mind Is A Myth
650 10 - SUBJECT ADDED ENTRY--TOPICAL TERM
Topical term or geographic name entry element Theosophy.
942 ## - ADDED ENTRY ELEMENTS (KOHA)
-- dc
Koha item type Book
Holdings
Withdrawn Not for loan Current library Shelving location Date acquired Total Checkouts Total Renewals Full call number Barcode Date last seen Date last checked out Koha item type
    Perpustakaan Alor Setar Pinjaman Dewasa 29/01/2018 2 1 299.934 KRI A01563865 28/10/2018 10/10/2018 Book
    Perpustakaan Kulim Pinjaman Dewasa 29/01/2018 2 2 299.934 KRI A01563866 25/05/2024 22/04/2024 Book